header

Gustav Stresemann (Record no. 23703)

MARC details
000 -LEADER
fixed length control field 01341nam a2200325Ia 4500
100 1# - MAIN ENTRY--AUTHOR NAME
Personal name Wright, Jonathan,
245 10 - TITLE STATEMENT
Title Gustav Stresemann
260 ## - PUBLICATION, DISTRIBUTION, ETC. (IMPRINT)
Place of publication Oxford ;
-- New York :
Name of publisher Oxford University Press,
Year of publication 2002.
300 ## - PHYSICAL DESCRIPTION
Number of Pages xvii, 569 p., [16] p. of plates :
Other physical details ill., maps.
650 #0 - SUBJECT ADDED ENTRY--TOPICAL TERM
Topical Term Statesmen
856 40 - ELECTRONIC LOCATION AND ACCESS
Uniform Resource Identifier http://site.ebrary.com/lib/rucke/Doc?id=10269110

No items available.

© 2026 Rongo University
Contact us: librarian | system librarian | Rongo university